| 000 | 00531 a2200205 4500 | ||
|---|---|---|---|
| 005 | 20260513151826.0 | ||
| 008 | 260513b |||||||| |||| 00| 0 eng d | ||
| 020 |
_a9788170771807 _cRs. 400.00 |
||
| 040 | _aMAIN | ||
| 082 |
_a294.5923 _bV669S |
||
| 100 | _aVidyasagar, Madanmohan | ||
| 245 | _aSanskar samuchyay | ||
| 260 |
_aDelhi _bVijaykumar Govindram Hasanand _c2024 |
||
| 300 | _a654 | ||
| 650 | _aReligions | ||
| 650 | _aHinduism | ||
| 650 | _aHindu Sacraments | ||
| 650 | _aHindu Religious Practices | ||
| 942 | _cBK | ||
| 999 |
_c397039 _d397039 |
||